000 00269nam a2200109Ia 4500
008 220204s9999 xx 000 0 und d
082 _a82-3
_bPRI
100 _aPrice, Willard
245 0 _aGorilla adventure
260 _aLondon
_bHodder and Stoughton
_c1983
942 _cBK
999 _c37472
_d37472